Global office marketview (Record no. 113387)

MARC details
000 -LEADER
fixed length control field 01229cad a22002055a 4500
001 - CONTROL NUMBER
control field L155197
008 - FIXED-LENGTH DATA ELEMENTS--GENERAL INFORMATION
fixed length control field 120309s2012 xxk 000 0 eng d
035 ## - SYSTEM CONTROL NUMBER
System control number (Sirsi) u155197
041 0# - LANGUAGE CODE
Language code of text/sound track or separate title eng
110 2# - MAIN ENTRY--CORPORATE NAME
Corporate name or jurisdiction name as entry element CB Richard Ellis
9 (RLIN) 3675
245 00 - TITLE STATEMENT
Title Global office marketview
Remainder of title downshift to a lower gear
Medium [electronic resource]
260 ## - PUBLICATION, DISTRIBUTION, ETC.
Place of publication, distribution, etc. [S.I.]
Name of publisher, distributor, etc. CBRE
Date of publication, distribution, etc. 2012
490 #0 - SERIES STATEMENT
Series statement CBRE Global Office Marketview
Volume/sequential designation Q4 2011
520 ## - SUMMARY, ETC.
Summary, etc. Occupier hesitancy to make large space commitments was a unifying theme across all global regions in Q4 2011 with their focus on reducing costs either though consolidation or relocation to cheaper locations. Global vacancy fell by 10bps to 13.2% in 2011 and the office market recovery continued but at a lower gear. Best performing markets were technology, energy, and resources-related occupiers. Covers the global economic backdrop, global office supply and demand, and the regional perspective on vacancies and completions.
590 ## - LOCAL NOTE (RLIN)
Local note NTK KA
651 #4 - SUBJECT ADDED ENTRY--GEOGRAPHIC NAME
Geographic name International
690 ## - LOCAL SUBJECT ADDED ENTRY--TOPICAL TERM (OCLC, RLIN)
Topical term or geographic name as entry element Commercial property
9 (RLIN) 6227
856 40 - ELECTRONIC LOCATION AND ACCESS
Uniform Resource Identifier <a href="https://www.cbre.co.uk/portal/page/portal/emea_en/research">https://www.cbre.co.uk/portal/page/portal/emea_en/research</a>
Public note View the report (type Global office in the keyword box and click on search) at www.cbre.co.uk
942 ## - ADDED ENTRY ELEMENTS (KOHA)
Suppress in OPAC 0
Holdings
Withdrawn status Lost status Source of classification or shelving scheme Damaged status Not for loan Home library Current library Shelving location Date acquired Total Checkouts Full call number Barcode Date last seen Copy number Price effective from Koha item type
    Dewey Decimal Classification     Virtual Virtual Online 09/03/2012   ONLINE PUBLICATION 155197-2001 06/08/2019 1 06/08/2019 Book